000 00912cam a2200277 a 4500
001 2051990
005 20180214045946.0
008 931001s1994 nyua j b 001 0 eng
010 _a 93033739
020 _a0195082028 (acidfree paper)
020 _a0195088301 (ser. : acidfree paper)
040 _aDLC
_cDLC
_dDLC
041 _aeng
042 _alcac
043 _an-us---
080 _a305.409730 mic
082 0 0 _a305.409730 mic
_220
100 1 _a16
101 _ahis
245 1 0 _aBreaking new ground :
_cMichael Goldberg.
246 3 0 _aAmerican women, 1800-1848
504 _aIncludes bibliographical references (p. 138-139) and index.
906 _a7
_bcbc
_corignew
_d1
_eocip
_f19
_gy-gencatlg
942 _2ddc
_cBK
999 _c42484
_d42484